000 00809nam a22003017a 4500
001 BR8107830
003 BR-BrBNA
005 20230928091127.0
007 ta
008 230509b bl.||||| |||| 00| 0 por d
040 _aBR-BrBNA
_bpor
_cBiblioteca Nacional de Agricultura
041 _a(Por)
072 _aE15
_b/G514
090 _ E15 BR8107830
100 1 _aSauchuk, V.
245 1 _aCredito rural, alavanca do desenvolvimento [Brasil]
260 3 _aCampos Novos, SC (Brasil):
_bEd. Ensino Renovado Ltda.,
_c1981.
300 _a102 p.
650 _aCREDITO RURAL
650 _aFINANCIAMENTO
650 _aASSISTENCIA TECNICA
650 _aCOOPERATIVA
650 _aPRECO MINIMO
650 _aSEGURO RURAL
650 _aLEGISLACAO
909 _a202309
_bLucia
_c55
_dLucia Elande
942 _cBK
999 _c32364
_d32364